To build a nation / (Record no. 25065)
[ view plain ]
| 000 -LEADER | |
|---|---|
| fixed length control field | 00783cam a2200277 a 4500 |
| 001 - CONTROL NUMBER | |
| control field | 25065 |
| 003 - CONTROL NUMBER IDENTIFIER | |
| rucl marc code | BD-RjUL |
| 005 - DATE AND TIME OF LATEST TRANSACTION | |
| control field | 20211209050826.0 |
| 008 - FIXED-LENGTH DATA ELEMENTS--GENERAL INFORMATION | |
| fixed length control field | 140316s1971 dcuabc 001 0 eng |
| 020 ## - INTERNATIONAL STANDARD BOOK NUMBER | |
| International Standard Book Number | 0874911362 |
| 035 ## - SYSTEM CONTROL NUMBER | |
| System control number | (BD-RjUL)25134 |
| System control number | 1013391 |
| 040 ## - CATALOGING SOURCE | |
| Original cataloging agency | LC |
| Language of cataloging | eng |
| Transcribing agency | LC |
| Modifying agency | LC |
| -- | BD-RjUL |
| 041 ## - LANGUAGE CODE | |
| Language code of text/sound track or separate title | eng |
| 082 00 - DEWEY DECIMAL CLASSIFICATION NUMBER | |
| Classification number | 951.9043 |
| Author mark and year | CHB |
| 100 1# - MAIN ENTRY--PERSONAL NAME | |
| Personal name | Chung Hee,Park, |
| Dates associated with a name | 1917-1979. |
| 9 (RLIN) | 77098 |
| 245 10 - TITLE STATEMENT | |
| Title | To build a nation / |
| Statement of responsibility, etc. | by Park Chung Hee. |
| 260 ## - PUBLICATION, DISTRIBUTION, ETC. (IMPRINT) | |
| Place of publication, distribution, etc. | Washington : |
| Name of publisher, distributor, etc. | Acropolis Books, |
| Date of publication, distribution, etc. | 1971. |
| 300 ## - PHYSICAL DESCRIPTION | |
| Pagination | 216 p. : |
| Illustrations | illus. (part col.), map, ports. ; |
| Size | 24 cm. |
| 504 ## - BIBLIOGRAPHY, ETC. NOTE | |
| Bibliography, etc | Includes index. |
| 651 #0 - SUBJECT ADDED ENTRY--GEOGRAPHIC NAME | |
| Geographic name | Korea |
| General subdivision | History. |
| 9 (RLIN) | 77099 |
| Geographic name | Korea (South) |
| General subdivision | History |
| Chronological subdivision | 1960-1988. |
| 9 (RLIN) | 77100 |
| 942 ## - ADDED ENTRY ELEMENTS (KOHA) | |
| Source of classification or shelving scheme | Dewey Decimal Classification |
| Koha item type | Books |
| Lost status | Source of classification or shelving scheme | Damaged status | Not for loan | Collection code | Permanent Location | Current Location | Shelving location | Date acquired | Total Checkouts | Full call number | Date last seen | Copy number | Koha item type |
|---|---|---|---|---|---|---|---|---|---|---|---|---|---|
| Dewey Decimal Classification | Added to bundle | Non-fiction | Central Library, University of Rajshahi | Central Library, University of Rajshahi | Reading Room | 16/03/2014 | 951.9043 CHB 1971 | 16/03/2014 | C-1 | Books |